Ekonomika priemyselných odvetví

Salvato in:
Dettagli Bibliografici
Autore principale: Zwiebová, Darina
Ente Autore: Vysoká škola ekonomická v Bratislave. Fakulta ekonomiky a riadenia výrobných odvetví
Altri autori: Mrázek, Otakar
Natura: Libro
Lingua:slovacco
Pubblicazione: Bratislava Vysoká škola ekonomická 1983
Edizione:2. vyd.
Tags: Aggiungi Tag
Nessun Tag, puoi essere il primo ad aggiungerne!!

MARC

LEADER 00000nam a2200000 4500
001 c131025
005 20230116103241.5
041 0 |a slo 
044 |a SK 
245 1 0 |a Ekonomika priemyselných odvetví  |c Darina Zwiebová, Otakar Mrázek 
250 |a 2. vyd. 
264 1 |a Bratislava  |b Vysoká škola ekonomická  |c 1983 
300 |a 171 s. 
100 1 |a Zwiebová, Darina 
700 1 |a Mrázek, Otakar 
710 2 |a Vysoká škola ekonomická v Bratislave. Fakulta ekonomiky a riadenia výrobných odvetví